Las riquezas de la tierra (Record no. 143185)

MARC details
000 -LEADER
campo de control de longitud fija 00775nam a2200193 4500
001 - NÚMERO DE CONTROL
campo de control 143185
003 - IDENTIFICADOR DE NÚMERO DE CONTROL
campo de control ES-MaACL
005 - FECHA Y HORA DE LA ÚLTIMA TRANSACCIÓN
campo de control 20230906200739.0
007 - CAMPO FIJO DE DESCRIPCIÓN FÍSICA--INFORMACIÓN GENERAL
campo de control de longitud fija t|
008 - DATOS DE LONGITUD FIJA--INFORMACIÓN GENERAL
campo de control de longitud fija 070214s1956 sp r ||||1| spa d
100 1# - ENTRADA PRINCIPAL--NOMBRE DE PERSONA
Nombre de persona Semionov, Iurii Nikolaevich.
9 (RLIN) 105386
245 14 - MENCIÓN DEL TÍTULO
Título Las riquezas de la tierra
Resto del título : geografía económica al alcance de todos /
Mención de responsabilidad, etc. Iurii Nikolaevich Semionov ; versión española de Francisco Payarols ; con una semblanza del autor, revisión, notas y comentarios de Joaquina Comas de Candel.
250 ## - MENCION DE EDICION
Mención de edición 4ª. ed. renovada y ampliada.
260 ## - PUBLICACIÓN, DISTRIBUCIÓN, ETC.
Lugar de publicación, distribución, etc. Barcelona :
Nombre del editor, distribuidor, etc. Labor,
Fecha de publicación, distribución, etc. 1956.
300 ## - DESCRIPCIÓN FÍSICA
Extensión XV, 665 p., 56 lám. :
Otras características físicas il. ;
Dimensiones 22 cm.
700 1# - ENTRADA AGREGADA--NOMBRE PERSONAL
Nombre de persona Payarols, Francisco.
9 (RLIN) 89715
700 0# - ENTRADA AGREGADA--NOMBRE PERSONAL
Nombre de persona Comas, Joaquina.
9 (RLIN) 39934
852 ## - LOCALIZACIÓN
Ubicación ES-MaACL
Número de control de estantería C-10283
Sublocalización o colección R.38655
Holdings
Estatus retirado Estado de pérdida Estado de daño No para préstamo Biblioteca de origen Biblioteca actual Ubicación en estantería Fecha de adquisición Fuente de adquisición Total de préstamos Signatura topográfica completa Código de barras Visto por última vez Precio de reemplazo Tipo de ítem Koha
        Biblioteca del Ateneo de Madrid Biblioteca del Ateneo de Madrid Sala Palomar 17/01/2008     C-10283 1148973 23/02/2023 23/02/2023 Libro impreso